01093 a2200193 4500003000500000005001700005010001600022020001500038040000900053082001900062100002200081245007200103260003700175300003300212440005000245440005000295505052000345650003400865Nust20221202181807.0 a 86027389 a007065381X cNust00a621.381522,TSI1 aTsividis, Yannis.10aOperation and modeling of the MOS transistor /cYannis P. Tsividis. aNew York :bMcGraw-Hill,cc1987. axx, 505 p. :bill. ;c25 cm. 0aMcGraw-Hill series in electrical engineering. 0aMcGraw-Hill series in electrical engineering. aSemiconductors, Contacts And Pn Junction (Page-1), The Two Terminal MOS Structure (Page-35), The Three Terminal MOS Structure (Page-75), The Four Terminal MOS Transistor (Page-102), Short Channel And Narrow Channel Effects (Page-168), MOS Transistors With Ion Implanted Channels (Page-217), The MOS Transistor In Dynamic Operation Large Signal Modeling (Page-249), Small Signal Modeling For Low And Medium Frequencies (Page-289), High Frequency Small Signal Models (Page-353), MOS Transistor Fabrication (Page-409). 0aTelecommunication Engineering